000
002490000a22000970004500
100
1
_a
Gutiérrez, Carlotica
245
1
0
_a
La epístola a los Hebreos
300
_a
Vol. 9, Núm 46 (1997), Páginas 26-27
773
0
_t
Impacto Presbiteriano
942
_c
ANA
999
_c
51040
_d
51040